A people in revolution : the American Revolution and political society in New York, 1760-1790 /

Bibliographic Details
Main Author: Countryman, Edward
Format: Book
Language:English
Published: Baltimore, Md. : Johns Hopkins University Press, [1981]
Series:Johns Hopkins University studies in historical and political science ; 99th ser., 2.
Subjects:

MARC

Tag First Indicator Second Indicator Subfields
LEADER 00000pam a2200000 a 4500
001 in00000071242
005 20151008062125.0
008 810428s1981 mdua b 00110 eng
010 |a  81005993  
020 |a 080182625X 
035 |a (OCoLC)07551670 
035 |9 AAJ9570AM 
040 |a DLC  |c DLC  |d TXA  |d UtOrBLW 
043 |a n-us-ny 
049 |a TXAM  |c [800440] 
050 0 0 |a E263.N6  |b C68 
082 0 |a 974.7/03  |2 19 
090 |a H31  |b .J6 ser.99, no.2 
100 1 |a Countryman, Edward. 
245 1 2 |a A people in revolution :  |b the American Revolution and political society in New York, 1760-1790 /  |c Edward Countryman. 
264 1 |a Baltimore, Md. :  |b Johns Hopkins University Press,  |c [1981] 
264 4 |c ©1981 
300 |a xviii, 388 pages ;  |c 23 cm. 
336 |a text  |b txt  |2 rdacontent 
337 |a unmediated  |b n  |2 rdamedia 
338 |a volume  |b nc  |2 rdacarrier 
490 1 |a The Johns Hopkins University studies in historical and political science ;  |v 99th ser., 2 
504 |a Includes bibliographical references and index. 
586 |a Bancroft Prize, 1982 
651 0 |a New York (State)  |x Politics and government  |y 1775-1783. 
651 0 |a New York (State)  |x Politics and government  |y 1775-1865. 
830 0 |a Johns Hopkins University studies in historical and political science ;  |v 99th ser., 2. 
999 |a MARS 
999 f f |s 2a45578c-9041-3021-a159-de787620f074  |i 85578c37-c4ab-3e7e-892c-f46333ebe416  |t 0 
952 f f |p ric  |a Texas A&M University  |b Rellis Campus  |c Joint Library Facility  |d Remote Storage  |t 0  |e E263.N6 C68  |h Library of Congress classification  |i unmediated -- volume  |m A14806117836 
998 f f |a E263.N6 C68  |t 0  |l Remote Storage